[Event "Match"]
[Site "www.echecsemail.com"]
[Date "2017.06.04"]
[Round "1"]
[White "Sozaro"]
[Black "Insearchof"]
[WhiteElo "2420"]
[BlackElo "2250"]
[Result "1-0"]
[Round "1"]
1.d4 Ng8f6
2.Ng1f3 d5
3.e3 Bc8f5
4.Bf1e2 e6
5.c4 c6
6.O-O h6
7.Be2d3 Bf5xd3
8.Qd1xd3  { time }
1-0

[Event "Match"]
[Site "www.echecsemail.com"]
[Date "2017.06.04"]
[Round "1"]
[White "Ketchuplover"]
[Black "Micheles"]
[WhiteElo "1790"]
[BlackElo "2540"]
[Result "0-1"]
[Round "1"]
1.Ng1f3 Ng8f6
2.b3 b6
3.Bc1b2 Bc8b7
4.d3 d6
5.Nb1d2 e5
6.e4 Bf8e7
7.Bf1e2 O-O
8.O-O Nb8a6
9.c4 Na6c5
10.Qd1c2 Qd8d7
11.a4 a5
12.Rf1d1 Nf6h5
13.Nf3xe5 dxe5
14.Be2xh5 Qd7xd3
15.Qc2xd3 Nc5xd3
16.Ra1b1 Be7c5
17.Rd1f1 Ra8d8
18.Bb2c3 Rd8d6
19.Bh5e2 Rf8d8
20.Nd2f3 Bb7xe4
21.Be2xd3 Be4xd3
22.Bc3xe5 Rd6d7
{ resign }
0-1

[Event "Match"]
[Site "www.echecsemail.com"]
[Date "2017.06.04"]
[Round "1"]
[White "Bjonil60"]
[Black "Sonny1000"]
[WhiteElo "1410"]
[BlackElo "1390"]
[Result "0-1"]
[Round "1"]
1.d4 d5
2.Ng1f3 f6
3.e3 Nb8c6
4.a3 Nc6a5
5.Bc1d2 Na5c4
6.Bd2c1 b6
7.b3 Nc4a5
8.b4 Na5c4
9.Qd1d3 a5
10.b5 g6
11.h3 Bc8f5
12.Qd3c3 Bf8h6
13.g4 Bf5xc2
14.Nb1d2 Nc4xd2
15.Qc3xd2 e6
16.Qd2xc2 Ng8e7
17.Bc1b2 a4
18.h4 Ra8a5
19.Bb2c3 Ra5a8
20.g5 fxg5
21.hxg5 Bh6g7
22.Bf1h3 Ne7g8
23.O-O Ng8e7
24.Bh3xe6 Qd8d6
25.Be6g4 Ne7f5
26.Bg4xf5 Bg7f6
27.gxf6 Qd6xf6
28.Nf3e5 Qf6g5
29.Kh2 Qg5h5
30.Kg2 gxf5
31.f4 Rh8g8
32.Kf2 Qh5h2
33.Ke1 Qh2g3
34.Ke2 Qg3g2
35.Rf1f2 Qg2h3
36.Kd3 Rg8g3
37.Rf2h2 Rg3xe3
38.Kd2 Qh3xh2
39.Kc1 Qh2g1
40.Kb2 Qg1g3
41.Ra1f1 h5
42.Qc2xf5 Qg3g2
43.Kb1 Qg2xf1
44.Kb2 Qf1g2
45.Kb1 Qg2g1
46.Kc2 Qg1g7
47.Kd2 Re3g3
48.Bc3b4 Ra8d8
49.Ke2 Rg3g2
50.Kf3 Qg7g3

0-1

[Event "Match"]
[Site "www.echecsemail.com"]
[Date "2017.06.04"]
[Round "1"]
[White "Astroboy"]
[Black "Billyg"]
[WhiteElo "1499"]
[BlackElo "1680"]
[Result "1-0"]
[Round "1"]
1.d4 d6
2.e4 h6
3.f4 a6
4.Ng1f3 Nb8c6
5.Bc1e3 Bc8g4
6.Bf1e2 Bg4xf3
7.Be2xf3 e6
8.Nb1c3 Ng8f6
9.O-O Qd8e7
10.a3 O-O-O
11.b4 a5
12.bxa5 Nc6xa5
13.Qd1d2 Na5c4
14.Qd2d3 d5
15.Rf1b1 c6
16.a4 Nc4b6
17.Rb1xb6 Qe7c7
18.Ra1b1 c5
19.Rb6xb7 Qc7d6
20.e5 c4
21.Qd3e2 Qd6a3
22.Nc3b5 Qa3a2
23.Nb5a7 { resign }
1-0

[Event "Match"]
[Site "www.echecsemail.com"]
[Date "2017.06.04"]
[Round "1"]
[White "Aperturaf"]
[Black "Insearchof"]
[WhiteElo "2610"]
[BlackElo "2229"]
[Result "1-0"]
[Round "1"]
1.e4 c5
2.Ng1f3 d6
3.d4 cxd4
4.Qd1xd4 Nb8c6
5.Bf1b5 Bc8d7
6.Bb5xc6 Bd7xc6
7.Nb1c3 Ng8f6
8.Bc1g5 e6
9.O-O-O Bf8e7
10.Rh1e1 O-O
11.Qd4d2 h6
12.Bg5f4 e5
13.Bf4g3 Nf6d7
14.Qd2e2 b5
15.Nc3d5 Nd7c5
16.Kb1 a5
17.Nd5e3 Qd8c7
18.Nf3h4 g6
19.Nh4f5  { time }
1-0

[Event "Match"]
[Site "www.echecsemail.com"]
[Date "2017.06.04"]
[Round "1"]
[White "Witpar"]
[Black "Insearchof"]
[WhiteElo "2640"]
[BlackElo "2149"]
[Result "1-0"]
[Round "1"]
1.d4 Ng8f6
2.c4 e6
3.Ng1f3 d5
4.g3 Bf8b4
5.Bc1d2 Bb4d6
6.Bf1g2 c6
7.Qd1c2 Nb8d7
8.O-O O-O
9.Rf1d1 Nf6e4
10.Bd2e1 f5
11.Nf3d2 Qd8f6
12.Nb1c3 h5
13.Nd2f3 g5
14.h4 g4
15.Nc3xe4 fxe4
16.Nf3g5 Qf6f5
17.a3 Nd7f6
18.Qc2c1 Nf6h7
19.Ng5xh7 Kxh7
20.Qc1e3  { time }
1-0

[Event "Match"]
[Site "www.echecsemail.com"]
[Date "2017.06.04"]
[Round "1"]
[White "Mihaiiorga"]
[Black "Cjood"]
[WhiteElo "2180"]
[BlackElo "1839"]
[Result "1/2-1/2"]
[Round "1"]
1.b3 c5
2.e3 e5
3.Bc1b2 f6
4.Bb2xe5 fxe5
5.Bf1c4 Ng8f6
6.Ng1f3 Nb8c6
7.Nb1c3 a6
8.O-O d5
9.Bc4e2 Bc8e6
10.Nf3g5 Be6f5
11.e4 dxe4
12.Be2c4 Bf5g6
13.Rf1e1 Bf8e7
14.Nc3xe4 Nf6xe4
15.Ng5xe4 Bg6xe4
16.Re1xe4 Qd8d6
17.Qd1f3 O-O-O
18.Ra1d1 b5
19.Bc4d3 Nc6b4
20.Re4e3 Nb4xd3
21.Re3xd3 Qd6b8
22.Qf3c6 Qb8c7
23.Qc6a8 { draw }
1/2-1/2

[Event "Match"]
[Site "www.echecsemail.com"]
[Date "2017.06.04"]
[Round "1"]
[White "Motorhead99"]
[Black "Chapi"]
[WhiteElo "1950"]
[BlackElo "2130"]
[Result "1-0"]
[Round "1"]
1.d4 d5
2.e3 c5
3.dxc5 Nb8c6
4.Nb1c3 e6
5.Ng1f3 Bf8xc5
6.Bf1e2 Ng8f6
7.Bc1d2 O-O
8.O-O d4
9.exd4 Nc6xd4
10.Nf3xd4 Bc5xd4
11.Be2f3 Qd8b6
12.Ra1b1 Bc8d7
13.Nc3e4 Nf6xe4
14.Bf3xe4 Ra8c8
15.Qd1h5 f5
16.Be4d3 Rf8f6
17.c3 Rf6h6
18.Bd2xh6 { resign }
1-0

[Event "Match"]
[Site "www.echecsemail.com"]
[Date "2017.06.04"]
[Round "1"]
[White "Gvladutz"]
[Black "Claymil"]
[WhiteElo "1499"]
[BlackElo "2030"]
[Result "1-0"]
[Round "1"]
1.c4 c5
2.Ng1f3 Nb8c6
3.d4 cxd4
4.Nf3xd4 g6
5.e4 Bf8g7
6.Bc1e3 a6
7.Nb1c3 Qd8c7
8.Nc3d5 Qc7d8
9.Nd4xc6 dxc6
10.Be3b6 Qd8d6
11.Nd5c7 Kf8
12.Nc7xa8 Qd6b4
13.Qd1d2 Qb4xd2
14.Kxd2 Bg7xb2
15.Ra1b1 Bb2e5
16.Bf1d3 Ng8f6
17.Bb6e3 Kg7
18.f4 Be5b8
19.Na8b6 Bc8g4
20.h3 Bg4c8
21.e5 Nf6h5
22.Nb6xc8 Rh8xc8
23.Rb1xb7 e6
24.g4 Nh5g3
25.Rh1g1 { resign }
1-0

[Event "Match"]
[Site "www.echecsemail.com"]
[Date "2017.06.04"]
[Round "1"]
[White "Canario"]
[Black "Azorau"]
[WhiteElo "1860"]
[BlackElo "1830"]
[Result "1-0"]
[Round "1"]
1.e4 e5
2.Ng1f3 Nb8c6
3.Bf1c4 h6
4.Nb1c3 Ng8f6
5.d4 Bf8b4
6.d5 Bb4xc3
7.bxc3 Nc6a5
8.Bc4b3 Qd8e7
9.Bc1e3 b6
10.Qd1d3 O-O
11.O-O Bc8b7
12.Nf3h4 Qe7d8
13.Nh4f5 Qd8c8
14.Nf5e7 Kh8
15.Ne7xc8 Ra8xc8
16.c4 c5
17.Be3d2 Bb7a6
18.f3 Na5b7
19.Bd2e3 Nb7d6
20.Qd3d2 Rf8g8
21.Be3xh6 gxh6
22.Qd2xh6 Nf6h7
23.Qh6xd6 Rg8g6
24.Qd6xe5 f6
25.Qe5f5 Rg6g5
26.Qf5xd7 Rg5g7
27.Qd7f5 Rc8b8
28.d6 Ba6c8
29.Qf5f4 Bc8d7
30.c3 Rb8f8
31.Bb3c2 Rf8g8
32.g4 Bd7xg4
33.Kh1 Bg4h3
34.Rf1g1 Bh3g2
35.Rg1xg2 Rg7xg2
36.e5 Rg2xc2
37.exf6 Rg8f8
38.f7 Rc2xc3
39.Qf4e5 { resign }
1-0

[Event "1/16 Finale"]
[Site "www.chess-mail.com"]
[Date "2017.06.04"]
[Round "1"]
[White "Leonger"]
[Black "Vgrynyuk"]
[WhiteElo "2450"]
[BlackElo "2570"]
[Result "0-1"]
[Round "1"]
1.d4 d5
2.c4 c6
3.Ng1f3 Ng8f6
4.Qd1c2 dxc4
5.Qc2xc4 Bc8f5
6.Nb1c3 Nb8d7
7.g3 e6
8.Bf1g2 Bf8e7
9.O-O O-O
10.Rf1e1 Nf6e4
11.Bc1f4 Ne4xc3
12.bxc3 Bf5e4
13.Qc4b3 b5
14.a4 a6
15.Re1d1 Ra8a7
16.c4 b4
17.Ra1c1 a5
18.Qb3e3 Be4xf3
19.Qe3xf3 c5
20.d5 e5
21.Bf4e3 Be7d6
22.Qf3f5 Nd7b6
23.Qf5c2 f5
24.f3 Qd8e8
25.Rc1a1 f4
26.Be3f2 e4
27.fxe4 fxg3
28.Bf2xg3 Bd6xg3
29.hxg3 Qe8e5
30.Qc2b3 Ra7f7
31.Ra1a2 Rf7f6
32.Ra2d2 Qe5h5
33.Rd2d3 Nb6d7
34.Bg2f3 Qh5g5
35.Kf2 Rf6h6
36.Rd1g1 Nd7e5
37.Rd3d1 Rh6h3
38.d6 h5
39.d7 h4
40.g4 Rh3h2
41.Ke1 Rf8d8
42.Rg1f1 h3
43.Rd1d5 Qg5c1
44.Rd5d1 Qc1f4
45.Rd1d2 Qf4g3
46.Kd1 Rh2f2
47.Rf1xf2 Qg3xf2
48.Rd2d5 Qf2g1
49.Kc2 Ne5xf3
50.Qb3xf3 h2
51.Rd5h5 Rd8xd7
52.Rh5h8 Kxh8
53.Qf3f8 Kh7
54.Qf8f5 Kg8
55.Qf5xd7 b3
56.Kxb3 Qg1e3
57.Kc2 Qe3xe2
58.Kc3 Qe2e3
59.Kb2 Qe3d4
{ resign }
0-1

[Event "Tourn. n9296"]
[Site "www.chess-mail.com"]
[Date "2017.06.05"]
[Round "1"]
[White "Conde7"]
[Black "Pdebonis"]
[WhiteElo "2870"]
[BlackElo "2560"]
[Result "1/2-1/2"]
[Round "1"]
1.e4 c5
2.Ng1f3 d6
3.d4 cxd4
4.Nf3xd4 Ng8f6
5.Nb1c3 g6
6.Bc1e3 Bf8g7
7.f3 O-O
8.Qd1d2 Nb8c6
9.g4 Bc8e6
10.Nd4xe6 fxe6
11.O-O-O Nc6e5
12.Bf1e2 Qd8c8
13.h4 Nf6d7
14.f4 Ne5c4
15.Be2xc4 Qc8xc4
16.e5 Ra8d8
17.exd6 Nd7f6
18.Qd2d4 Qc4xd4
19.Be3xd4 exd6
20.Rh1g1 Nf6e8
21.Bd4e5 Kf7
22.Be5xg7 Ne8xg7
23.b3 Ke7
24.Rd1d4 d5
25.Nc3d1 Ng7e8
26.Kb2 Ne8f6
27.Nd1f2 Nf6e4
28.Nf2d3 a5
29.a4 Kd6
30.Rg1e1 Kc6
31.c4 b6
32.b4 axb4
33.cxd5 exd5
34.Re1c1 Kb7
35.Rd4xb4 Rd8d6
36.g5 Rf8f7
37.Rc1e1 Rf7f5
38.Re1c1 Rf5f7
39.Rc1c2 Rf7f5
40.Kc1 d4
41.Rc2c4 Rf5d5
42.Kd1 Rd6d7
43.Nd3e5 Rd7d6
44.Ne5d3 { draw }
1/2-1/2

[Event "Tourn. n9397"]
[Site "www.chess-mail.com"]
[Date "2017.06.05"]
[Round "1"]
[White "Astroboy"]
[Black "Pachi"]
[WhiteElo "1499"]
[BlackElo "1610"]
[Result "1-0"]
[Round "1"]
1.d4 Nb8c6
2.e4 d5
3.e5 e6
4.f4 f6
5.Ng1f3 Ng8h6
6.Bf1d3 Bf8b4
7.c3 Bb4e7
8.O-O O-O
9.Qd1c2 f5
10.b4 a5
11.b5 Nc6a7
12.a4 c6
13.Nb1a3 Be7xa3
14.Bc1xa3 Rf8e8
15.bxc6 bxc6
16.Rf1b1 Bc8d7
17.Rb1b7 Nh6g4
18.Ba3c5 Ng4e3
19.Qc2e2 Ne3g4
20.Bc5xa7 h5
21.h3 Ng4h6
22.Ra1b1 Nh6f7
23.Qe2b2 g5
24.fxg5 Nf7xg5
25.Nf3xg5 Qd8xg5
26.Rb7xd7 Qg5e3
27.Qb2f2 Qe3xd3
28.Qf2f4 Qd3xb1
29.Kh2 Re8d8
30.Qf4g5 Kf8
31.Qg5g7 Ke8
32.Qg7e7 { resign }
1-0

[Event "Tourn. n9380"]
[Site "www.chess-mail.com"]
[Date "2017.06.05"]
[Round "1"]
[White "Picifarkinca"]
[Black "Luban"]
[WhiteElo "2030"]
[BlackElo "2100"]
[Result "0-1"]
[Round "1"]
1.e4 c5
2.d4 cxd4
3.Qd1xd4 Nb8c6
4.Qd4d1 e6
5.Ng1f3 h6
6.Nb1c3 Bf8b4
7.Qd1d3 Ng8f6
8.Bc1d2 O-O
9.e5 Bb4xc3
10.Bd2xc3 Nf6d5
11.Bc3d2 Qd8c7
12.c4 Nc6xe5
13.Nf3xe5 Qc7xe5
14.Bf1e2 Nd5f4
15.Bd2xf4 Qe5xf4
16.O-O Rf8d8
17.Be2f3 Ra8b8
18.Ra1d1 d5
19.cxd5 exd5
20.Qd3b5 d4
21.Qb5a5 Bc8e6
22.a3 Be6c4
23.Rf1e1 Bc4a6
24.Qa5e5 Qf4xe5
25.Re1xe5 Rb8c8
26.Re5d5 Rd8xd5
27.Bf3xd5 Rc8c2
28.b4 d3
29.Bd5e4 Rc2a2
30.h3 d2
31.Be4f3 Ba6c4
{ resign }
0-1

[Event "Tourn. n9404"]
[Site "www.chess-mail.com"]
[Date "2017.06.05"]
[Round "1"]
[White "Malbertan"]
[Black "Bojan"]
[WhiteElo "2070"]
[BlackElo "1950"]
[Result "1-0"]
[Round "1"]
1.e4 e5
2.Ng1f3 d6
3.d4 exd4
4.Qd1xd4 Nb8c6
5.Bf1b5 Bc8d7
6.Bb5xc6 Bd7xc6
7.Nb1c3 Qd8d7
8.Bc1f4 f6
9.O-O-O Ng8e7
10.Rh1e1 Ne7g6
11.Bf4g3 a6
12.Nc3d5 b6
13.h4 Ng6e7
14.Nf3d2 O-O-O
15.Re1e3 Bc6b7
16.Re3c3 Ne7xd5
17.exd5 Rd8e8
18.Qd4xb6 Kb8
19.Qb6b4 g6
20.Rc3b3 Qd7c8
21.Nd2c4 Ka7
22.Nc4a5 Bb7a8
23.Qb4d4 { resign }
1-0

[Event "Tourn. n9370"]
[Site "www.chess-mail.com"]
[Date "2017.06.05"]
[Round "1"]
[White "Hansen"]
[Black "Pachi"]
[WhiteElo "1590"]
[BlackElo "1550"]
[Result "0-1"]
[Round "1"]
1.e4 e5
2.Bf1c4 c6
3.Qd1f3 Qd8f6
4.Qf3g3 b5
5.d4 bxc4
6.dxe5 Qf6g6
7.Qg3f3 d6
8.Nb1c3 d5
9.exd5 Bf8b4
10.g3 Qg6xc2
11.Ng1e2 Bc8h3
12.Ne2d4 Bb4xc3
13.bxc3 cxd5
14.Qf3xd5 Qc2xc3
15.Kd1 Qc3xa1
16.Qd5b5 Nb8d7
17.Qb5d5 Ra8c8
18.e6 fxe6
19.Qd5h5 g6
20.Qh5xh3 Qa1xd4
21.Bc1d2 c3
22.Qh3xe6 Ng8e7
23.Rh1e1 Qd4xd2
{ resign }
0-1

[Event "Tourn. n9402"]
[Site "www.chess-mail.com"]
[Date "2017.06.05"]
[Round "1"]
[White "Madz123456"]
[Black "Cjood"]
[WhiteElo "1610"]
[BlackElo "1880"]
[Result "1-0"]
[Round "1"]
1.e4 b6
2.d4 c5
3.d5 e6
4.Ng1f3 exd5
5.Qd1xd5 Nb8c6
6.Bf1c4 Qd8e7
7.Nf3e5 Bc8b7
8.Qd5xf7 Qe7xf7
9.Ne5xf7 { resign }
1-0

[Event "Match"]
[Site "www.echecsemail.com"]
[Date "2017.06.05"]
[Round "1"]
[White "Aiko1603"]
[Black "Cjood"]
[WhiteElo "2010"]
[BlackElo "1890"]
[Result "1-0"]
[Round "1"]
1.c4 e5
2.Nb1c3 Ng8f6
3.g3 Bf8c5
4.Bf1g2 Nf6g4
5.Nc3e4 Bc5b6
6.e3 f5
7.Ne4c3 c6
8.h3 Ng4f6
9.Qd1c2 d6
10.Ng1f3 e4
11.Nf3h2 Bc8e6
12.d3 exd3
13.Qc2xd3 Qd8e7
14.O-O Nb8d7
15.b3 Nd7e5
16.Qd3d2 O-O-O
17.Bc1a3 g6
18.Ra1d1 Bb6c5
19.Ba3xc5 dxc5
20.Qd2c2 Rd8xd1
21.Rf1xd1 h5
22.f4 Ne5f7
23.h4 a6
24.Nc3a4 Qe7c7
25.Na4xc5 Rh8e8
26.Qc2c3 Nf6h7
27.Qc3g7 Nh7f8
28.Nc5xe6 Nf8xe6
29.Qg7xg6 Ne6c5
30.Qg6xf5 Nc5d7
31.Qf5xf7 { resign }
1-0

[Event "Match"]
[Site "www.echecsemail.com"]
[Date "2017.06.05"]
[Round "1"]
[White "Carazo"]
[Black "Kevinking"]
[WhiteElo "1610"]
[BlackElo "1910"]
[Result "1-0"]
[Round "1"]
1.b3 Ng8f6
2.Bc1b2 e6
3.e3 d5
4.Bf1b5 c6
5.Bb5e2 Bf8e7
6.Ng1f3 O-O
7.Nb1c3 c5
8.d4 b6
9.Nf3e5 Bc8b7
10.Qd1d2 Nb8d7
11.h4 Qd8c7
12.Nc3b5 Qc7b8
13.g4 a6
14.g5 Nf6e4
15.Qd2d3 Nd7xe5
16.dxe5 axb5
17.Qd3xb5 Qb8c7
18.f4 Bb7a6
19.Qb5a4 Ba6xe2
20.Qa4xe4 dxe4
21.Kxe2 c4
22.Bb2d4 b5
23.h5 Be7c5
24.Bd4c3 cxb3
{ time. }
1-0

[Event "Match"]
[Site "www.echecsemail.com"]
[Date "2017.06.05"]
[Round "1"]
[White "Liencam2"]
[Black "Yussuf1000"]
[WhiteElo "2320"]
[BlackElo "2300"]
[Result "0-1"]
[Round "1"]
1.e4 c5
2.Nb1c3 e6
3.Ng1f3 a6
4.d4 cxd4
5.Nf3xd4 Qd8c7
6.Bf1d3 Nb8c6
7.Nd4xc6 dxc6
8.O-O e5
9.f4 Bf8d6
10.f5 Ng8f6
11.Bc1g5 Bd6e7
12.Qd1f3 Qc7b6
13.Bg5e3 Be7c5
14.Ra1e1 Bc5xe3
15.Qf3xe3 Qb6xe3
16.Re1xe3 b5
17.a3 Bc8b7
18.Re3g3 O-O
19.Rf1e1 Rf8d8
20.b3 Ra8c8
21.Nc3b1 c5
22.Nb1d2 a5
23.c4 b4
24.axb4 axb4
25.Nd2f1 Rd8d4
26.Rg3e3 Rc8a8
27.Nf1g3 Nf6g4
28.Re3f3 Ra8a3
29.Bd3c2 Rd4d2
30.Re1e2 Ra3a1
31.Ng3f1 Rd2xe2
32.Bc2d3 Re2e1
{ resign }
0-1

[Event "Match"]
[Site "www.echecsemail.com"]
[Date "2017.06.05"]
[Round "1"]
[White "Biggles"]
[Black "Winston"]
[WhiteElo "2100"]
[BlackElo "1940"]
[Result "1-0"]
[Round "1"]
1.e4 e6
2.d4 d5
3.Nb1c3 Ng8f6
4.Bc1g5 Bf8e7
5.e5 Nf6d7
6.Bg5xe7 Qd8xe7
7.f4 c5
8.Ng1f3 Nb8c6
9.Bf1d3 c4
10.Bd3e2 Nd7b6
11.O-O Bc8d7
12.Nc3b5 Nc6xe5
13.Nb5c7 { resign }
1-0

[Event "Match"]
[Site "www.echecsemail.com"]
[Date "2017.06.05"]
[Round "1"]
[White "Krystek23"]
[Black "Luzhin"]
[WhiteElo "2300"]
[BlackElo "2250"]
[Result "1/2-1/2"]
[Round "1"]
1.c4 e5
2.Nb1c3 Ng8f6
3.e4 Bf8c5
4.h3 d6
5.d3 O-O
6.Bc1g5 h6
7.Bg5h4 Nb8c6
8.Bf1e2 Nc6d4
9.Ng1f3 g5
10.Bh4g3 Nf6h5
11.Bg3h2 Nh5f4
12.Bh2xf4 gxf4
13.Qd1d2 Bc5b4
14.Be2d1 Kh7
15.a3 Bb4a5
16.b4 Ba5b6
17.Ra1c1 Nd4xf3
18.Bd1xf3 a5
19.b5 Bb6c5
20.Rc1a1 Qd8h4
21.Nc3d5 c6
22.Nd5c3 Rf8g8
23.Rh1f1 Bc8e6
24.Kd1 Rg8g6
25.Kc2 Ra8g8
26.bxc6 bxc6
27.Ra1b1 Bc5xa3
28.Rb1b6 Ba3b4
29.Rb6xc6 Rg8b8
30.Rc6c7 Qh4d8
31.Rc7a7 Qd8b6
32.Ra7e7 Kg7
33.Qd2e1 Bb4xc3
34.Qe1xc3 Kf6
35.Re7xe6 fxe6
36.Bf3g4 h5
37.Bg4f3 Rg6g7
38.Kd2 Qb6b2
39.Qc3xb2 Rb8xb2
40.Kc3 Rb2b6
41.Rf1a1 Rg7b7
42.h4 Rb6b3
43.Kc2 Rb3b2
44.Kc1 a4
45.Ra1xa4 Rb2b1
46.Kd2 Rb1f1
47.Kc3 Rf1xf2
48.Ra4a3 Rb7b1
49.c5 dxc5
50.Kc4 Rb1c1
51.Kb5 Rf2d2
52.Ra3a8 Rd2b2
53.Kc6 Rc1c3
54.Kc7 c4
55.d4 exd4
56.Bf3xh5 Rc3e3
57.Kd6 Re3xe4
58.Ra8f8 Kg7
59.Rf8f7 Kg8
60.Rf7f6 Kg7
61.Rf6g6 Kh8
62.Ke7 Re4e5
63.Bh5f3 c3
64.Rg6f6 c2
65.Rf6f8 Kh7
{ draw }
1/2-1/2

[Event "Match"]
[Site "www.echecsemail.com"]
[Date "2017.06.05"]
[Round "1"]
[White "Bjonil60"]
[Black "Azorau"]
[WhiteElo "1450"]
[BlackElo "1810"]
[Result "0-1"]
[Round "1"]
1.d4 e6
2.Ng1f3 Ng8f6
3.h3 Bf8b4
4.c3 Bb4a5
5.Bc1d2 d5
6.e3 O-O
7.g3 a6
8.Qd1e2 Bc8d7
9.Nf3e5 Bd7b5
10.a3 Bb5xe2
11.Bf1xe2 Qd8d6
12.Bd2c1 c5
13.dxc5 Qd6xe5
14.f4 Qe5e4
15.Rh1g1 Nb8c6
16.b4 Ba5c7
17.g4 a5
18.bxa5 Nc6xa5
19.Be2d1 Na5c4
20.Ke2 Bc7xf4
21.Nb1d2 Qe4xe3
22.Kf1 Nc4xd2
23.Bc1xd2 Qe3xd2
24.g5 Bf4e3
25.Rg1g3 Qd2f2

0-1

[Event "Match"]
[Site "www.echecsemail.com"]
[Date "2017.06.05"]
[Round "1"]
[White "Pinehill"]
[Black "Castletyme"]
[WhiteElo "1950"]
[BlackElo "1700"]
[Result "1-0"]
[Round "1"]
1.e4 e6
2.d4 d5
3.Nb1d2 dxe4
4.Nd2xe4 Ng8f6
5.Bc1g5 Bf8e7
6.Ne4xf6 Be7xf6
7.Bg5xf6 Qd8xf6
8.Ng1f3 O-O
9.Bf1d3 Nb8c6
10.O-O Nc6e7
11.Rf1e1 Ne7g6
12.c3 b6
13.Bd3e4 Ra8b8
14.Be4c6 Bc8b7
15.Bc6xb7 Rb8xb7
16.Qd1a4 a5
17.Qa4c6 Rb7a7
18.Nf3e5 Ng6xe5
19.dxe5 Qf6e7
20.Ra1d1 Rf8d8
21.Rd1d4 Rd8xd4
22.cxd4 Qe7d8
23.g3 g6
24.Qc6e4 Qd8g5
25.f4 Qg5e7
26.Re1c1 Qe7b4
27.b3 Qb4d2
28.Qe4c2 Qd2e3
29.Kg2 Qe3xd4
30.Rc1d1 Qd4b4
31.Qc2d3 c5
32.Qd3d8 Kg7
33.Qd8f6 Kh6
34.Kh3 c4
35.Kh4 cxb3
36.g4 Qb4xf4
37.Qf6xf4 Kg7
38.Qf4f6 { resign }
1-0

[Event "Match"]
[Site "www.echecsemail.com"]
[Date "2017.06.05"]
[Round "1"]
[White "Liencam2"]
[Black "Motorhead99"]
[WhiteElo "2290"]
[BlackElo "1750"]
[Result "1-0"]
[Round "1"]
1.e4 d6
2.d4 Ng8f6
3.Nb1c3 Nb8d7
4.f4 e5
5.Ng1f3 exd4
6.Qd1xd4 c5
7.Qd4d3 Bf8e7
8.Bc1e3 Nf6g4
9.Be3g1 O-O
10.h3 Be7h4
11.Nf3xh4 Qd8xh4
12.g3 Qh4h6
13.Bf1e2 f5
14.O-O-O fxe4
15.Nc3xe4 Rf8xf4
16.gxf4 Qh6xf4
17.Kb1 Ng4e5
18.Qd3d5 Kh8
19.Rd1f1 Qf4h6
20.Bg1xc5 dxc5
21.Qd5xe5 { resign }
1-0

[Event "Match"]
[Site "www.echecsemail.com"]
[Date "2017.06.05"]
[Round "1"]
[White "86eamon"]
[Black "Micheles"]
[WhiteElo "1569"]
[BlackElo "2540"]
[Result "0-1"]
[Round "1"]
1.c3 Ng8f6
2.d4 d5
3.Bc1f4 c6
4.Qd1a4 Qd8b6
5.b3 Bc8d7
6.b4 e6
7.Nb1d2 Nf6h5
8.Bf4g3 Nh5xg3
9.hxg3 c5
10.Qa4a5 cxd4
11.Qa5xb6 axb6
12.cxd4 Nb8c6
13.Ra1b1 Nc6xd4
14.Rh1h4 Nd4c2
15.Kd1 Ra8xa2
16.Rh4f4 Nc2a3
17.Rf4f3 Na3xb1
{ resign }
0-1

[Event "1/32 Finale"]
[Site "www.chess-mail.com"]
[Date "2017.06.05"]
[Round "1"]
[White "Jaroslavpech"]
[Black "Szustan"]
[WhiteElo "2070"]
[BlackElo "2650"]
[Result "1-0"]
[Round "1"]
1.e4 e5
2.Ng1f3 Nb8c6
3.Bf1b5 a6
4.Bb5a4 Ng8f6
5.O-O Nf6xe4
6.d4 b5
7.Ba4b3 d5
8.dxe5 Bc8e6
9.Nb1d2 Ne4c5
10.c3 d4
11.Bb3xe6 Nc5xe6
12.cxd4 Nc6xd4
13.Nd2e4 c5
14.Nf3xd4 cxd4
15.Rf1e1 Bf8e7
16.f4 g6
17.Qd1f3 O-O
18.f5 gxf5
19.Qf3xf5 Ne6g7
20.Qf5f3 d3
21.Kh1 Kh8
22.Bc1h6 Qd8d5
23.Ra1d1 Qd5e6
24.Ne4f6 Rf8d8
25.Re1f1 Ra8c8
26.Qf3e4 Be7xf6
27.Rf1xf6 Qe6e7
28.Bh6d2 Qe7d7
29.Rd1f1 Qd7d5
30.Qe4h4 Rc8c4
31.Qh4h3 Rc4c6
32.Rf6xf7 h5
33.Qh3g3 Rd8g8
34.Rf7f6 { resign }
1-0

[Event "Fast Game"]
[Site "www.echecsemail.com"]
[Date "2017.06.05"]
[Round "1"]
[White "Cjood"]
[Black "Hennie4820"]
[WhiteElo "1790"]
[BlackElo "1630"]
[Result "1-0"]
[Round "1"]
1.e4 c5
2.c3 e6
3.Ng1f3 Nb8c6
4.g3 Ng8f6
5.d3 Bf8e7
6.Bc1e3 O-O
7.Bf1e2 d6
8.Nb1d2 b6
9.d4 cxd4
10.cxd4 Bc8b7
11.O-O Ra8c8
12.Qd1b1 Nc6b4
13.Rf1c1 Qd8d7
14.Rc1xc8  { time }
1-0

[Event "Fast Game"]
[Site "www.echecsemail.com"]
[Date "2017.06.05"]
[Round "1"]
[White "Falcao"]
[Black "Cjood"]
[WhiteElo "1599"]
[BlackElo "1780"]
[Result "1-0"]
[Round "1"]
1.e4 e5
2.Ng1f3 Nb8c6
3.Bf1b5 a6
4.Bb5a4 Ng8f6
5.O-O b5
6.Ba4b3 Bf8e7
7.Rf1e1 Bc8b7
8.d4 exd4
9.Nf3xd4 Nc6xd4
10.Qd1xd4 Nf6xe4
11.Qd4xg7 Rh8f8
12.Bc1h6 d5
13.Qg7xh7 Qd8d6
14.Bh6xf8 Be7xf8
15.Nb1c3 O-O-O
16.Qh7xf7 Ne4g5
17.Qf7f5 { resign }
1-0

[Event "Tourn. n9391"]
[Site "www.chess-mail.com"]
[Date "2017.06.06"]
[Round "1"]
[White "Roohbakhsh"]
[Black "Cjood"]
[WhiteElo "2140"]
[BlackElo "2000"]
[Result "1-0"]
[Round "1"]
1.c4 g6
2.d4 Bf8g7
3.Nb1c3 b6
4.e4 Bc8b7
5.Ng1f3 e6
6.Bf1e2 d6
7.O-O Nb8d7
8.Bc1e3 Ng8e7
9.Qd1d2 c5
10.d5 e5
11.Be3h6 Rh8g8
12.Bh6xg7 Rg8xg7
13.Qd2h6 Kf8
14.Nf3g5 Ne7g8
15.Ng5xh7 { resign }
1-0

[Event "Tourn. n9308"]
[Site "www.chess-mail.com"]
[Date "2017.06.06"]
[Round "1"]
[White "Picifarkinca"]
[Black "Abuelo"]
[WhiteElo "2030"]
[BlackElo "2150"]
[Result "1-0"]
[Round "1"]
1.Ng1f3 d5
2.c4 dxc4
3.e3 Ng8f6
4.Bf1xc4 Bc8g4
5.Nf3e5 Bg4e6
6.Bc4xe6 fxe6
7.d4 Qd8d5
8.O-O Nb8d7
9.Nb1c3 Qd5a5
10.f4 Nd7xe5
11.fxe5 Nf6d7
12.Qd1h5 g6
13.Qh5g4 Qa5b6
14.Nc3e4 Bf8g7
15.Ne4g5 Nd7f8
16.Ng5f7 h5
17.Qg4f3 Rh8g8
18.Ra1b1 Nf8h7
19.Qf3e4 Bg7f6
20.Nf7h6 Nh7g5
21.Qe4f4 Rg8f8
22.exf6 exf6
23.Nh6g8 O-O-O
24.Ng8e7 Kb8
25.Ne7xg6 Rf8f7
26.h4 e5
27.dxe5 fxe5
28.Qf4xg5 Rf7xf1
29.Kxf1 Qb6b5
30.Kf2 Rd8d1
31.Ng6xe5 Rd1f1
32.Kg3 Qb5e8
33.Ne5d7 Ka8
34.e4 b6
35.Qg5d5 { resign }
1-0

[Event "Tourn. n9383"]
[Site "www.chess-mail.com"]
[Date "2017.06.06"]
[Round "1"]
[White "Scasan55"]
[Black "Bojan"]
[WhiteElo "2030"]
[BlackElo "2010"]
[Result "0-1"]
[Round "1"]
1.e4 e5
2.Ng1f3 d6
3.h3 Bc8e6
4.Bf1b5 c6
5.Bb5a4 Ng8f6
6.c3 Bf8e7
7.d3 Nb8d7
8.O-O Nd7b6
9.Bc1g5 h6
10.Bg5xf6 Be7xf6
11.Ba4b3 d5
12.exd5 { time. }
0-1

[Event "Tourn. n9345"]
[Site "www.chess-mail.com"]
[Date "2017.06.06"]
[Round "1"]
[White "Bojan"]
[Black "Kazooie"]
[WhiteElo "1970"]
[BlackElo "1970"]
[Result "1-0"]
[Round "1"]
1.b4 e5
2.a3 d6
3.Bc1b2 Bf8e7
4.d4 Nb8d7
5.e4 Ng8f6
6.Bf1d3 O-O
7.Ng1f3 exd4
8.Nf3xd4 Nd7e5
9.Bd3e2 Nf6xe4
10.Nb1c3 Ne4xc3
11.Bb2xc3 Rf8e8
12.O-O Be7f6
13.Bc3d2 Ne5g6
14.c3 Bf6xd4
15.cxd4 Bc8e6
16.Be2f3 c6
17.Bd2e3 Be6c4
18.Rf1e1 d5
19.Bf3g4 b5
20.Qd1f3 a5
21.Qf3g3 axb4
22.axb4 Ra8a4
23.Ra1xa4 bxa4
24.Re1a1 Bc4b3
25.Bg4f5 Qd8b6
26.Bf5d7 Re8a8
27.Qg3d6 Ra8d8
28.Qd6xc6 Qb6xc6
29.Bd7xc6 Ng6e7
30.Bc6xa4 Bb3xa4
31.Ra1xa4 Ne7c6
32.b5 Nc6e7
33.g4 h6
34.Be3f4 g5
35.Bf4c7 Rd8c8
36.b6 Ne7c6
37.Ra4a6 Kh7
38.Bc7g3 Kg6
39.b7 { resign }
1-0

[Event "Tourn. n9390"]
[Site "www.chess-mail.com"]
[Date "2017.06.06"]
[Round "1"]
[White "Mitja"]
[Black "Picifarkinca"]
[WhiteElo "2020"]
[BlackElo "2020"]
[Result "1-0"]
[Round "1"]
1.d4 e6
2.e3 c5
3.dxc5 Bf8xc5
4.c3 Nb8c6
5.Nb1d2 d5
6.Nd2b3 Bc5e7
7.Ng1f3 Ng8f6
8.Nb3d4 O-O
9.Nd4xc6 bxc6
10.Bf1d3 c5
11.Bd3c2 Bc8a6
12.Bc2d3 Qd8c8
13.O-O Ra8b8
14.Bd3xa6 Qc8xa6
15.Rf1e1 Nf6e4
16.Nf3d2 Qa6d3
17.Nd2xe4 Qd3xe4
18.Qd1e2 Be7f6
19.Qe2d2 Rf8d8
20.Qd2e2 d4
21.cxd4 cxd4
22.exd4 Qe4xe2
23.Re1xe2 Rd8xd4
24.Bc1e3 Rd4d7
25.Ra1b1 h6
26.b3 Bf6d4
27.Rb1d1 { resign }
1-0

[Event "Tourn. n9292"]
[Site "www.chess-mail.com"]
[Date "2017.06.06"]
[Round "1"]
[White "Castletyme"]
[Black "Ranjachess"]
[WhiteElo "1700"]
[BlackElo "1800"]
[Result "1/2-1/2"]
[Round "1"]
1.e4 e5
2.Ng1f3 d6
3.d3 Ng8f6
4.Bc1g5 Bf8e7
5.Bg5xf6 Be7xf6
6.Nb1c3 Bc8e6
7.Bf1e2 d5
8.exd5 Be6xd5
9.Nc3xd5 Qd8xd5
10.c3 Nb8c6
11.O-O O-O-O
12.Qd1b3 a6
13.Qb3xd5 Rd8xd5
14.Rf1d1 b5
15.Nf3d2 Rh8d8
16.Nd2e4 Bf6e7
17.Be2g4 Kb8
18.Bg4e2 f5
19.Ne4g3 g6
20.b3 Be7h4
21.c4 Rd5d4
22.cxb5 axb5
23.a3 h5
24.Ng3f1 e4
25.dxe4 Rd4xd1
26.Ra1xd1 Rd8xd1
27.Be2xd1 fxe4
28.Nf1d2 Bh4e7
29.b4 Nc6d4
30.Nd2xe4 Kb7
31.Bd1f3 Kb6
32.Ne4d2 Nd4xf3
33.Nd2xf3 c5
34.bxc5 Be7xc5
35.Nf3e5 g5
36.g4 hxg4
37.Ne5xg4 Bc5xa3
38.Ng4e3 b4
39.Ne3c2 Kc5
40.Kf1 Kc4
41.Ke2 Kb3
42.Kd2 Ka2
43.Nc2xb4 Ba3xb4
44.Ke3 Kb3
45.Ke4 Kc4
46.Kf5 Bb4d2
47.Kg4 Kd4
48.h4 gxh4
49.Kxh4 Bd2e1
50.Kg3 Be1xf2
51.Kxf2 Ke4
52.Ke2 { draw }
1/2-1/2